000 00560nam a2200253Ia 4500
008 160525s9999||||xx |||||||||||||| ||und||
040 _cMarathi
082 _aVII.A/Bhagwat
082 _bBORI-100387
100 _aDurga Bhagwat
245 _aRasamayi
300 _a8+270
300 _cB
300 _eHardbound
530 _u00100387.pdf
563 _aStudy
600 _aDurga Bhagwat
630 _aRasamayi
650 _aClassical Lit.
650 _aSanskrit Poetry
700 _aDurga Bhagwat
730 _aRasamayi
942 _cBOOK
999 _c1385877
_d1385874